| 000 | 00414nam a22001337a 4500 | ||
|---|---|---|---|
| 082 |
_a297.648 _bMAQ |
||
| 245 |
_aMaqalat-i shan-i ṣaḥabah Razi Allah Taala Anhm Ajmayn-i kiram / _ctartib va takhrij, Mufti Muḥammad Zaman Saidi Riẓvi. |
||
| 260 |
_aPakistan: _bMadina Foundation; _c- |
||
| 300 | _a158p. | ||
| 563 | _aPB | ||
| 650 |
_aSahaba Karam, _9118635 |
||
| 650 |
_aCompanion _9118631 |
||
| 942 |
_2ddc _cBK |
||
| 999 |
_c606817 _d606817 |
||